LEADER 01185nam 2200409 450 001 9910460734003321 005 20200122092900.0 010 $a1-77167-486-5 035 $a(CKB)3710000000573057 035 $a(EBL)4045171 035 $a(MiAaPQ)EBC4045171 035 $a(Au-PeEL)EBL4045171 035 $a(CaPaEBR)ebr11131373 035 $a(OCoLC)935245268 035 $a(EXLCZ)993710000000573057 100 $a20200122d2015 uy 0 101 0 $aspa 135 $aur|n|---||||| 181 $ctxt$2rdacontent 182 $cc$2rdamedia 183 $acr$2rdacarrier 200 10$a[Medidas] $e[temperatura & tiempo] /$f[Chris Forest] 210 1$a[Place of publication not identified] :$c[Classroom Complete Press Ltd],$d[2015] 215 $a1 online resource (20 p.) 300 $aDescription based upon print version of record. 606 $aTemperature measurements 608 $aElectronic books. 615 0$aTemperature measurements. 676 $a536.5 700 $aForest$b Chris$0873084 801 0$bMiAaPQ 801 1$bMiAaPQ 801 2$bMiAaPQ 906 $aBOOK 912 $a9910460734003321 996 $aMedidas$91948858 997 $aUNINA LEADER 00742nam0-2200265 --450 001 9910983692303321 005 20250311093933.0 010 $a9781838665630 100 $a20250311d2023----kmuy0itay5050 ba 101 0 $aeng 102 $aGB 105 $aa c 001yb 200 1 $a<>brutalists$ebrutalism's best architects$fOwen Hopkins 210 $aLondon$aNew York$cPhaidon Press$d2023 215 $a367 p.$cill.$d30 cm 610 0 $aBiografie$aArchitetti 610 0 $aBrutalismo$aArchitettura 700 1$aHopkins,$bOwen$0803634 801 0$aIT$bUNINA$gREICAT$2UNIMARC 901 $aBK 912 $a9910983692303321 952 $aARCH C 1521$b150/2025$fFARBC 959 $aFARBC 996 $aBrutalists$94326068 997 $aUNINA